Spitznamen aus der Bundesliga - Statistiken

Allgemein
  • Dieses Quiz wurde 89 mal gespielt
  • Das Durchschnittsergebnis liegt bei 11 aus 30
Antwortstatistiken
Hint Antwort % Korrekt
Kaiser Beckenbauer
96%
Titan Kahn
85%
Tante Käthe Völler
76%
Air-Riedle Riedle
71%
Icke Häßler
66%
Zecke Neuendorf
61%
Schnix Schneider
52%
Prinz Podolski
46%
The Hammer Albertz / Hitzlsperger
45%
Iron-Maik Franz
44%
Terrier Vogts
42%
Susi Zorc
36%
Kokser Kohler
34%
Bulle Roth
33%
Ente Lippens
32%
Paule Beinlich
31%
Lutscher Frings
31%
Kobra Wegmann
28%
Schwatte Kirsten
26%
Hubschrauber Hashemian
25%
Heintje Möller
24%
Ivan, der Schreckliche Ivanauskas
16%
Mozart Broich
15%
Blondie Asamoah
14%
Schnitzel Rosicky
13%
El Tren Valencia
13%
Stoffel Klos
12%
Tarzan Ehrmann
5%
Balou Aumann
4%
Metzger Meijer
4%
Keine übereinstimmenden Quizze gefunden
Verteilung der Resultate
Anzahl Personen mit jedem Resultat
Perzentil nach korrekt beantworteten Fragen
Ihre Resultats-Entwicklung
Sie haben dieses Quiz noch nicht gespielt